All Lady Gaga Songs - Statistics

General Stats
  • This quiz has been taken 102 times
  • The average score is 68 of 122
Answer Stats
The Fame Answer % Correct
1 Just Dance (feat. Colby O'Donis)
92%
1 Bad Romance
91%
9 Bad Romance (Starsmith Remix)
91%
3 Paparazzi
91%
4 Poker Face
91%
2 Born This Way
89%
6 Telephone (feat. Beyoncé)
89%
7 The Fame
87%
15 Applause
85%
6 Shallow
85%
8 ARTPOP
83%
3 Joanne
83%
4 Judas
83%
2 LoveGame
83%
2 Alejandro
81%
1 Chromatica I
81%
7 Chromatica II
81%
13 Chromatica III
81%
4 Rain On Me (with Ariana Grande)
81%
14 The Edge of Glory
81%
1 Aura
79%
3 Monster
79%
3 G.U.Y.
77%
2 Venus
77%
2 A-YO
75%
8 911
74%
8 Bloody Mary
74%
2 Cheek to Cheek
74%
5 Dance in the Dark
72%
6 Beautiful, Dirty, Rich
70%
12 Brown Eyes
70%
15 Disco Heaven
70%
5 Eh, Eh (Nothing Else I Can Say)
70%
11 Fashion!
70%
1 Marry the Night
70%
7 Million Reasons
70%
10 Boys Boys Boys
68%
6 Hair
68%
4 Sexxx Dreams
68%
4 Speechless
68%
9 Starstruck (feat. Space Cowboy and Flo Rida)
68%
3 Stupid Love
68%
2 Alice
66%
16 Babylon
66%
6 Perfect Illusion
66%
8 Teeth
66%
13 Yoü and I
66%
13 Dope
64%
11 Heavy Metal Lover
64%
4 John Wayne
64%
11 Paper Gangsta
64%
10 Sour Candy (with BLACKPINK)
64%
9 Swine
64%
9 Always Remember Us This Way
62%
5 Americano
62%
10 Donatella
62%
7 Do What U Want (feat. R. Kelly)
62%
12 Electric Chapel
62%
3 Government Hooker
62%
14 Gypsy
62%
5 Jewels n' Drugs (feat. T.I., Too $hort, and Twista)
62%
8 Money Honey
62%
9 Black Jesus + Amen Fashion
60%
6 MANiCURE
60%
12 Mary Jane Holland
60%
7 Scheiße
60%
14 Summerboy
60%
15 1000 Doves
58%
1 Diamond Heart
57%
10 Highway Unicorn (Road To Love)
57%
13 I Like It Rough
57%
9 Come to Mama
55%
12 Replay
55%
14 Sine From Above (with Elton John)
55%
9 Bad Kids
53%
5 Dancin' in Circles
53%
18 I'll Never Love Again
53%
7 So Happy I Could Die
53%
15 The Queen
53%
11 Enigma
51%
11 Fashion of His Love
51%
10 Hey Girl (feat. Florence Welch)
51%
11 Angel Down
49%
14 Angel Down (Work Tape)
49%
5 Free Woman
49%
3 Retro Dance Freak
49%
1 Again Again
47%
9 Plastic Doll
47%
12 Grigio GIrls
45%
2 La Vie en Rose
45%
The Cure
45%
2 Christmas Tree
43%
6 Fun Tonight
43%
13 Just Another Day
42%
8 Sinner's Prayer
40%
Video Phone (Extended Remix) [Beyoncé feat. Lady Gaga]
40%
15 Hair Body Face
36%
14 Why Did You Do That?
34%
11 Heal Me
32%
13 Is That Alright?
30%
10 Look What I Found
26%
4 Vanity
26%
8 Diggin' My Grave
25%
1 Anything Goes
23%
16 Before I Cry
21%
7 Music to My Eyes
21%
12 I Don't Know What Love Is
19%
Til It Happens To You
19%
6 Firefly
17%
3 Nature Boy
17%
7 Lush Life
15%
3-Way (The Golden Rule) [The Lonely Island feat. Justin Timberlake and Lady Gaga]
13%
11 It Don't Mean a Thing (If It Ain't Got That Swing)
13%
7 Ev'ry Time We Say Goodbye
11%
6 Goody Goody
11%
4 I Can't Give You Anything but Love
9%
8 Sophisticated Lady
9%
10 They All Laughed
9%
10 But Beautiful
8%
3 Don't Wait Too Long
8%
5 I Won't Dance
8%
9 Let's Face the Music and Dance
8%
No matching quizzes found
Score Distribution
Percent of People with Each Score
Percentile by Number Answered
Your Score History
You have not taken this quiz